Normal view
MARC view
Entry Personal Name
001 - CONTROL NUMBER
- control field: 45953
003 - CONTROL NUMBER IDENTIFIER
- control field: ARRUPE
005 - DATE AND TIME OF LATEST TRANSACTION
- control field: 20190425110058.0
008 - FIXED-LENGTH DATA ELEMENTS
- fixed length control field: 190425|| aca||aabn | a|a d
040 ## - CATALOGING SOURCE
- Original cataloging agency: ARRUPE
- Transcribing agency: ARRUPE
100 ## - HEADING--PERSONAL NAME
- Personal name: Fennell, J. L. I. (comp.)
670 ## - SOURCE DATA FOUND
- Source citation: Work cat.: (ARRUPE): Fennell, J. L. I. (comp.), The penguin Russian course: , 1961.